000 00272nam a22001337a 4500
008 170421b xxu||||| |||| 00| 0 eng d
020 _a37642
041 _aeng
080 _66TH
_a573
100 _a11
101 _aSHM
245 _aBIOLOGY
_cCAMPBELL
942 _2udc
_cBK
999 _c11435
_d11435